• 首页
  • 本馆介绍
  • 公告通知
  • 最新文献
  • 馆藏检索
  • 电子资源
  • 读者导购
  • 参考咨询
  • 我的图书馆
  • 登录
  • 详细信息显示
  • 放入我的书架
  • 预约/预借图书
  • 作者相关作品
  • 分类相关作品
  • 丛书相关作品
  • 出版社相关作品

书目信息

  • 表格格式
  • 工作单格式
  • 卡片格式
题名:
《文心雕龙》与当代文艺学
    
 
作者: 戚良德 著
分册:  
出版信息: 北京   中央编译出版社  2014
页数: 218页
开本: 24cm
丛书名:
单 册:
中图分类: I206.391
科图分类:
主题词: 中国文学--古典文学--文学理论--南朝时代
电子资源:
ISBN: 978-7-5117-1213-4
000 00795nam0 2200241 450
001 338604
005 20150602151929.09
010    @a978-7-5117-1213-4@dCNY45.00
100    @a20130422d2012 em y0chiy50 ea
101 0  @achi
102    @aCN@b110000
105    @aa z 000yy
106    @ar
200 1  @a《文心雕龙》与当代文艺学@A《wen xin diao long 》yu dang dai wen yi xue@f戚良德著
210    @a北京@c中央编译出版社@d2014
215    @a218页@d24cm
330    @a本书以十三个论题, 从三个方面探索和研究《文心雕龙》为不断发展的当代文艺学提供了什么、能提供什么。
605    @a《文心雕龙》@x古典文学研究
606 0  @a中国文学@x古典文学@x文学理论@z南朝时代
690    @aI206.391@v5
701  0 @a戚良德@Aqi liang de@f(1962)@4著
801  0 @aCN@b卓展宏图@c20150525
905    @dI206.391@e295@f4
    
    《文心雕龙》与当代文艺学/戚良德著.-北京:中央编译出版社,2014
    218页;24cm
    
    
    ISBN 978-7-5117-1213-4:CNY45.00
    本书以十三个论题, 从三个方面探索和研究《文心雕龙》为不断发展的当代文艺学提供了什么、能提供什么。
●
相关链接 在E读中查询图书 在五车中查询图书 在当当中查询图书 在豆瓣中查询图书


正题名:《文心雕龙》与当代文艺学     索取号:I206.391/295         预约/预借

序号 登录号 条形码 馆藏地/架位号 状态 备注
1 862846   208628467   第一样本阅览室/ [索取号:I206.391/295] 在馆    
2 862847   208628476   第二借阅区/ [索取号:I206.391/295] 在馆    
3 862848   208628485   第二借阅区/ [索取号:I206.391/295] 在馆    
4 862849   208628494   第二借阅区/ [索取号:I206.391/295] 在馆    
唐山师范学院图书馆 欢迎您!
大连网信软件有限公司© 版权所有